El cine : Magia y aventura del séptimo arte /

Guardado en:
Autor Principal: Villegas-Lopez, M.
Formato: Libro
Idioma:Undetermined
Publicado: Buenos Aires : Atlantida s.a., 1940.
Materias:
Etiquetas: Agregar Etiqueta
Sin Etiquetas, Sea el primero en etiquetar este registro!
LEADER 00512nam a22001575a 4500
001 EHU.bham048436
005 20110929090255.0
008 110929s1940####ag############000#0#und#d
100 1 |a Villegas-Lopez, M. 
245 0 0 |a El cine :  |b Magia y aventura del séptimo arte /  |c M. Villegas-Lopez. 
260 |a Buenos Aires :  |b Atlantida s.a.,  |c 1940. 
300 |a 159 p. 
653 |a Historia del arte. 
653 |a Cine sonoro. 
653 |a Cine en color. 
859 |a AR-BHAM  |b BIB. HUMANIDADES - Donacion Lejarraga  |h MFN002655  |p 002655.19